MDQL
is popping MORE tags! Check the
thread
!
Quizzes
Events
Quiz Creation
Community
Videos
Private Events
Remove Ads
Sign In
Join for FREE
Feedback
Dark Mode
Quiz Categories
Sports
Geography
Music
Movies
Television
Just For Fun
Miscellaneous
History
Literature
Language
Science
Gaming
Entertainment
Religion
Holiday
For Kids
Quiz Lab
Recent
Popular Today
Quiz Kudos Today
Editor Picks
Curator Picks
Quizzes by...
Day
Popularity
Type
Ratings
Length
Year
Community
Subscriptions
Recent Discussions
Orange Saloon
Badges
Playlists
Quests
Create
Leaderboards
Showdown
Live 5
Trivia Bingo
Activity
Puzzle Library
Sporcle Events
Private Events
Virtual Trivia
Globe League
Become a Host
Pub Owners
SporcleCon
Opinionation
Our Games
Videos
Blog
Mobile Apps
Partnerships
Remove Ads and Go Orange
Feedback
Movies
Disney
Marvel Cinematic Universe
Movie Resume
Movie Titles
Oscar
Actor
Actress
Director
Pixar
Role
Movie Quotes
Movie Characters
Box Office
Nominee
Best Picture
Star Wars
James Bond
Horror Movies
Movies
Disney
Marvel Cinematic Universe
Movie Resume
Movie Titles
Oscar
Actor
Actress
Director
Pixar
Role
Movie Quotes
Movie Characters
Box Office
Nominee
Best Picture
Star Wars
James Bond
Horror Movies
Random Quiz
Search Sporcle
×
Quiz Lab
Quiz Lab
Movies
location
Select answers by clicking on text or image buttons
Select answers by clicking on text or image buttons
Clickable
Best Score? Go Orange.
New Orleans Movies Stats
Can you pick the 20 movies that are set at least partially in New Orleans?
By
Keryl
4m
20 Questions
194 Plays
194 Plays
194 Plays
Comments
Comments
Give Quiz Kudos
Give Quiz Kudos
-
- Ratings
hide this ad
Replay
Link that replays current quiz
Next Quiz
Link to next quiz in quiz playlist
You Got
0%
They Got
Avg Score
55%
Avg Friend Score
Upgrade to see
Score Distribution
Jump to the score distribution portion of the page
Score
0/20
Timer
04:00
0
Plays Today
% Correct
Big Easy, The
87.6%
Curious Case of Benjamin Button, The
83%
Pelican Brief, The
81.4%
Streetcar Named Desire, A
80.9%
Interview with the Vampire
74.7%
Princess and the Frog, The
70.6%
JFK
58.8%
Runaway Jury
57.7%
Catch Me If You Can
57.7%
Live and Let Die
52.6%
% Correct
Angel Heart
51.5%
Easy Rider
50.5%
Skeleton Key, The
50%
Undercover Blues
42.8%
12 Rounds
41.8%
Jezebel
38.1%
X-Men Origins: Wolverine
35.6%
Hard Target
35.6%
Cincinnati Kid, The
35.1%
Panic in the Streets
27.3%
Quiz Playlist
Details
Report
Send in Message
Add To Playlist
Clickable:
Select answers by clicking on text or image buttons
Quiz Source
Last Updated: Feb 16, 2017
Quiz Scoreboard
CHALLENGE
Sign Up to Join the Scoreboard
Show All
Scores
Hide
Comments
May contain spoilers
Recently Published
Holiday 10x10 Sorting Gallery
by lukepisani3
Holiday
15m
Two Season TV Shows II
by 123Four
Television
10m
Image Sorting: Flags VI
by Barbecue
Geography
2m
More to Explore
Quiz From the Vault
Featured Blog Post
14 Easter Pick-up Lines to Find Eggs With
hide this ad
You Might Also Like...
Tags
location
New Orleans
Setting
Today's Top Quizzes in Movies
Browse Movies
hide this ad
Today's Top Quizzes in location
Browse location
Top Contributed Quizzes in Movies
1
The ultimate James Bond movie quiz
2
Find The 'Big' Movie
3
Find The 'Wild' Movie
4
Find The 'Blue' Movie
5
Movies By Plot
6
Hidden Star Wars Character II
7
Hidden Star Wars Character III
8
25 Best Actor Nominees (1990s)
9
Hidden Star Wars Character IV
10
Pick 5 Posters: Directed by Spielberg
Explore More
Trending Topics
Disney
Marvel
NBA
Harry Potter
Anime
Kpop
Crossword
Puzzle
Soccer
Song
The Office
Country
WWE
NFL
Pokémon
hide this ad
More By:
Keryl
Quiz
Plays
Rating
Category
Featured
Created
Missing Word: Zooey Deschanel
9,701
4.07
Just For Fun
Jul 9, 2013
Missing Word: Adrien Brody
2,375
4.50
Just For Fun
Sep 1, 2014
Brat, Frat, Rat or Splat
2,175
4.41
Movies
Sep 3, 2016
James Bond Theme by Opening Lyrics
1,991
4.13
Movies
May 21, 2013
Missing Word: Chiwetel Ejiofor
1,950
4.57
Just For Fun
Aug 30, 2014
Go to Creator's Profile
Score Distribution
Quiz Creator Spotlight
Keryl
Follow
Send a Message
Quizzes Created
-
Created Quiz Play Count
-
More By This Creator
Popular Quizzes Today
1
Find the US States - No Outlines Minefield
2
Colored Red Africa Blitz
3
Find the 'City' Movie
4
The Countries of the World
5
5x2 Blitz: Bands
6
Find the Countries of Europe - No Outlines Minefield
7
Find the US States
8
US States
More Movies Quizzes
MCU Character Profile: Gamora
Quiz Lab
Trending Quizzes
Colored Red Europe Blitz I
Colored Red Africa Blitz II
Colored Red Europe Blitz II
Even More Two Season TV Shows
Colored Red Africa Blitz III
Recently Updated
Odd Team Out - Big 4 Players
pecheneg
Quick Pick: 20 Twenties
pecheneg
March Madness Men's Triple Doubles
pecheneg
How Do You Spell That?
pecheneg
Godzilla Movies
pecheneg
Grab Bag: 4-10 Letters
pecheneg
2024 March Madness Bracket
pecheneg
Famous TV Couples
Peacemaker
Champions League XIs: Real Madrid
pecheneg
Largest US Cities 1790-2010
pecheneg
Trending Topics
Kpop
Crossword
Disney
Anime
Marvel
Harry Potter
NBA
The Office
Pokémon
Soccer
Puzzle
NFL
WWE
Song
Country
Your Account Isn't Verified!
In order to create a playlist on Sporcle, you need to verify the email address you used during registration. Go to your
Sporcle Settings
to finish the process.
Report this User
Report this user for behavior that violates our
Community Guidelines
.
Details:
Send Report
Go to the Sporcle.com Mobile Site →
Comments